Culture générale et populaire #3 - Statistiques

Statistiques générales
  • Ce quiz a été pris 304 fois
  • Le résultat moyen est 6 sur 15
Statistiques - réponses
Question Réponse % Correct
1. Quelle est la couleur du cheval blanc de Napoléon ? Blanc
99%
3. Dans quel sport s'illustraient les soeurs Williams, respectivement Serena et Vénus ? le tennis
97%
2. Comment appelle-t-on les années avec 366 jours et donc un 29 février ? bissextile
95%
7. Laquelle de ces villes n'est pas une capitale : Pretoria, Berne, Sydney, Ottawa, Zagreb, La Paz ? Sydney
95%
4. De quel animal est inspiré le Pokémon Pikachu ? une souris
52%
7. Dans l'adaptation cinématographique de Lucky Luke par James Huth sortie en 2009, quel acteur interprète le Cowboy tirant plus vite que son ombre? Jean Dujardin
47%
5. Avec quelle arme David-t-il tué Goliath ? une fronde
37%
10. Que signifie l'abréviation URSS ? Union des Républiques Socialistes Soviétiques
27%
11. Citez un footballeur français ayant été surnommé le "nouveau Zidane" Marvin Martin/Yoann Gourcuff/Camel Meriem
26%
12. Quelle saga a inspiré l'autrice E.L. James pour la réalisation de son roman "50 Nuances de Grey", publiant à la base une fan-fiction de cette fameuse saga ? Twilight
18%
8. Comment se nomme le peintre maniériste italien qui a attisé la fascination du public par la réalisation de portraits composés de légumes, fruits ou encore de plantes ? Giuseppe Arcimboldo
14%
14. Quel groupe de musique était en concert au Bataclan le soir des événements du 13 novembre 2015 ? Eagles of Death metal
9%
6. Comment appelle-t-on le fait de séparer le blanc et le jaune de l'oeuf ? Clarifier
8%
15. Quel(s) oiseau(x) "zinzinule(nt)" ? Mésange/Fauvette
5%
13. Comment se nomme le célèbre ouvrage illustré rédigé dans une langue et une écriture qui n'ont à ce jour pas encore été déchiffrées ? Manuscrit de Voynich
2%
Aucun quiz correspondant
Distribution des résultats
% des personnes avec chaque résultat
Percentile par nombre de réponses
Votre historique - résultats
Vous n’avez pas pris ce quiz